| 000 | 01680nam a2200337 i 4500 | ||
|---|---|---|---|
| 001 | 000017842 | ||
| 003 | DO-SdBNP | ||
| 005 | 20260409144838.0 | ||
| 007 | ta | ||
| 008 | 100406t2005 dr 000 0dspa d | ||
| 020 | _a9993467189 | ||
| 040 |
_aDO-SdBNP _bspa _cBNPHU _erda |
||
| 041 | _aspa | ||
| 082 |
_a972.9304 _bP438p _222 |
||
| 100 | 1 |
_aPérez Memén, Fernando, _d1943- _eautor _938744 _4aut. |
|
| 245 | 1 | 3 |
_aEl pensamiento democrático de Duarte y otros temas de historia dominicana y de Haití / _cFernando Pérez Memén. |
| 264 |
_aSanto Domingo : _bBanco de Reservas de la República Dominicana, _c2005. |
||
| 300 |
_a355 páginas ; _c23 cm. |
||
| 336 |
_atexto _btxt _2rdacontent |
||
| 337 |
_asin mediación _bn _2rdamedia |
||
| 338 |
_avolumen _bnc _2rdacarrier |
||
| 500 | _aIncluye datos biográficos del autor en las solapas. | ||
| 504 | _aIncluye referencias bibliográficas y notas al pie de páginas. | ||
| 505 | 0 |
_aPalabras liminares / _rDaniel Toribio Marmolejos -- _tPrólogo -- _tIdeas e instituciones en el período colonial y republicano -- _tLiberalismo y conservadurismo en el ocaso del régimen hispano -- _tIdeas e instituciones durante la dominación haitiana -- _tIdeas, mentalidades e instituciones en la independencia dominicana -- _tDemocracia, libertad y administración de justicia -- _tPueblos, instituciones y personalidades. |
|
| 590 | _aInventariado, 2020/MF | ||
| 600 | 1 | 0 |
_aDuarte, Juan Pablo, _d1813-1876 _91494 |
| 651 | 0 |
_aRepública Dominicana -- _xHistoria -- _y1844-1930 _91009 |
|
| 651 | 4 |
_aRepública Dominicana _xHistoria _yOCUPACIÓN HAITIANA, 1822-1844 _97666 |
|
| 910 | _aValidado. Control de calidad EMS | ||
| 942 |
_2ddc _cLBS1 |
||
| 999 |
_c17366 _d17366 |
||